Entrepreneurship. (Record no. 348307)

000 -LEADER
fixed length control field 00439 a2200169 4500
020 ## - INTERNATIONAL STANDARD BOOK NUMBER
International Standard Book Number 0070486603
022 ## - INTERNATIONAL STANDARD SERIAL NUMBER
International Standard Serial Number 9780070484009
082 ## - DEWEY DECIMAL CLASSIFICATION NUMBER
Classification number 658.421
090 ## - LOCALLY ASSIGNED LC-TYPE CALL NUMBER (OCLC); LOCAL CALL NUMBER (RLIN)
-- 5914
-- 5914
100 ## - MAIN ENTRY--PERSONAL NAME
Personal name Hisrich,Robert D.
245 ## - TITLE STATEMENT
Title Entrepreneurship.
Statement of responsibility, etc. Robert D.Hisrich, Michael P.Peters.
250 ## - EDITION STATEMENT
Edition statement 5th
260 ## - PUBLICATION, DISTRIBUTION, ETC.
Place of publication, distribution, etc. New Delhi
Name of publisher, distributor, etc. Tata McGraw Hill publishing
Date of publication, distribution, etc. 2002.
300 ## - PHYSICAL DESCRIPTION
Extent 663p.
500 ## - GENERAL NOTE
General note Paper cover
942 ## - ADDED ENTRY ELEMENTS (KOHA)
Institution code [OBSOLETE] NBS
Koha item type Book
Call number prefix 658.421 HIS
Holdings
Withdrawn status Lost status Source of classification or shelving scheme Damaged status Not for loan Permanent Location Current Location Date acquired Total Checkouts Full call number Barcode Date last seen Price effective from Koha item type Collection code Shelving location
          Central Library (CL) Central Library (CL) 08/28/2013   658.421 HIS 2002 NBSD-1282 06/12/2014 08/28/2013 Book    
          Central Library (CL) Central Library (CL) 08/28/2013   658.421 HIS 2002 NBS5646 09/17/2014 08/28/2013 Book    
          Central Library (CL) Central Library (CL) 09/23/2016   658.421 HIS 2002 NBSP-121 09/23/2016 09/23/2016 Book   General Stacks
          Central Library (CL) Central Library (CL) 09/26/2016   658.421 HIS 2002 NBSP-120 09/26/2016 09/26/2016 Book   General Stacks
© 2023 Central Library, National University of Sciences and Technology. All Rights Reserved.